书目信息 |
| 题名: |
后工业社会的来临
|
|
| 作者: | 贝尔 , Bell 著 ;高铦 , 王宏周 , 魏章玲 译 | |
| 分册: | ||
| 出版信息: | 北京 新华出版社 1997.08 |
|
| 页数: | 538页 | |
| 开本: | 21cm | |
| 丛书名: | 21世纪决策参考丛书 | |
| 单 册: | ||
| 中图分类: | F038.8 | |
| 科图分类: | ||
| 主题词: | 后工业社会(经济学) | |
| 电子资源: | ||
| ISBN: | 7-5011-3614-9 | |
| 000 | 01050nam2 2200313 45 | |
| 001 | 012003000000 | |
| 005 | 20041207153215.31 | |
| 010 | @a7-5011-3614-9@dCNY 20.00 | |
| 100 | @a20030813d1997 ekmy0chiy0121 ea | |
| 101 | 1 | @achi@ceng |
| 102 | @aCN@b110000 | |
| 105 | @aa z 000yy | |
| 200 | 1 | @a后工业社会的来临@Ahou gong ye she hui de lai lin@e对社会预测的一项探索@f(美)丹尼尔·贝尔(Daniel Bell)著@g高铦, 王宏周, 魏章玲译 |
| 210 | @a北京@c新华出版社@d1997.08 | |
| 215 | @a538页@c图, 图表@d21cm | |
| 225 | 2 | @a21世纪决策参考丛书 |
| 312 | @a封面并列题名: The coming of post-industrial society | |
| 410 | 0 | @12001 @a21世纪决策参考丛书 |
| 510 | 1 | @aThe coming of post-industrial society@zeng |
| 517 | 1 | @a对社会预测的一项探索 |
| 606 | 0 | @a后工业社会(经济学) |
| 690 | @aF038.8@v4 | |
| 701 | 1 | @a贝尔@Abei er@b丹尼尔@4著 |
| 701 | A1 | @aBell@bDaniel@4著 |
| 702 | 0 | @a高铦@Agao xian@4译 |
| 702 | 0 | @a王宏周@Awang hong zhou@4译 |
| 702 | 0 | @a魏章玲@Awei zhang ling@4译 |
| 801 | 0 | @aCN@bQSSKw@c20041207 |
| 905 | @a10447@dF038.8@eD154 | |
| 后工业社会的来临:对社会预测的一项探索/(美)丹尼尔·贝尔(Daniel Bell)著/高铦, 王宏周, 魏章玲译.-北京:新华出版社,1997.08 |
| 538页:图, 图表;21cm.-(21世纪决策参考丛书) |
| ISBN 7-5011-3614-9:CNY 20.00 |
| ● |
| 相关链接 |
|
|
|
正题名:后工业社会的来临
索取号:F038.8/D154
 
预约/预借
| 序号 | 登录号 | 条形码 | 馆藏地/架位号 | 状态 | 备注 |
| 1 | 431458 | 204314580 | 社科二线422/409社科库 63排4列4层/ [索取号:F038.8/D154] | 在馆 | |
| 2 | 431459 | 204314599 | 社科库409/409社科库 63排4列4层/ [索取号:F038.8/D154] | 在馆 | |
| 3 | 431460 | 204314606 | 社科二线422/409社科库 63排4列4层/ [索取号:F038.8/D154] | 在馆 |